Mad city : μυθιστόρημα

Αποθηκεύτηκε σε:
Λεπτομέρειες βιβλιογραφικής εγγραφής
Κύριος συγγραφέας: Marks, J. H.
Μορφή: Βιβλίο
Γλώσσα:Greek
English
Δημοσίευση: Αθήνα : Καστανιώτη, 1997.
Σειρά:Ατελείωτες νύχτες (Θρίλερ)
Θέματα:
Ετικέτες: Προσθήκη ετικέτας
Δεν υπάρχουν, Καταχωρήστε ετικέτα πρώτοι!

MARC

LEADER 00000cam a2200000 a 4500
001 1/123655
008 211007s1997####gr | ||| |||| ||gre||
020 |a 9600318875 
040 |a GR-MyUa  |b gre  |c GR-MyUa  |e AACR2 
041 1 |a gre  |h eng 
082 7 |a 813   |2 (23) 
100 1 |a Marks, J. H. 
245 1 0 |a Mad city :   |b μυθιστόρημα /   |c Τζ.Χ. Μαρξ ; βασισμένο στο σενάριο του Τομ Μάθιους ; μετάφραση: Ερρίκος Μπαρτζινόπουλος. 
260 |a Αθήνα :   |b Καστανιώτη,   |c 1997. 
300 |a 242 σ. ;   |c 21 εκ. 
490 1 |a (Ατελείωτες νύχτες (Θρίλερ)) 
650 0 |a American fiction 
830 0 |a Ατελείωτες νύχτες (Θρίλερ) 
970 |a Κοντού  |b Παρασκευή  |z 07/10/2021